000 00779cam a22002533a 4500
001 30969
003 PGUSA
005 20140828083653.0
008 100115s2010||||xxu|||||s|||||000 1 eng d
040 _aPGUSA
_beng
042 _adc
050 4 _aPZ
100 1 _aMarlow, Ralph
245 1 4 _aThe Big Five Motorcycle Boys on the Battle Line; Or, With the Allies in France
_h[electronic resource] /
_cRalph Marlow
260 _bProject Gutenberg,
_c2010
506 _aPublic domain in the USA.
516 _aElectronic text
653 _aBoys -- Juvenile fiction
653 _aMotorcycles -- Juvenile fiction
653 _aWorld War, 1914-1918 -- Juvenile fiction
830 0 _aProject Gutenberg
_v30969
856 4 0 _uhttp://www.gutenberg.org/ebooks/30969
942 _cEB
999 _c260224
_d260224